000 00354 a2200157 4500
001 152587
040 _cEscola São Tomás de Aquino
100 _aDUMAS, Alexandre
240 1 0 _aO três mosqueteiros
_lpor
245 1 0 _aO três mosqueteiros
300 _a95
362 0 _a20052
440 1 _aScipione
697 _a*LITERATURA JUVENIL
942 _cBK
999 _c152587
_d152587